Loading...
Science - Other Science | 1 | 3 | 0 | 0 | 45 | 71 | 91.00 | 2 | 4 |
Science - Physics | 1 | 3 | 1 | 0 | 40 | 70 | 94.00 | 0 | 4 |
History - World History | 0 | 4 | 2 | 2 | 30 | 98 | 113.00 | 0 | 2 |
History - European History | 1 | 3 | 3 | 3 | 30 | 15 | 87.75 | 1 | 2 |
Science - Biology | 0 | 3 | 0 | 1 | 30 | 97 | 113.00 | 0 | 0 |
Geography | 0 | 3 | 1 | 1 | 25 | 76 | 84.00 | 1 | 2 |
Fine Arts - Other Arts | 1 | 1 | 0 | 0 | 25 | 37 | 86.50 | 1 | 2 |
History - Other History | 0 | 2 | 0 | 1 | 20 | 78 | 100.00 | 1 | 1 |
Beliefs | 0 | 2 | 0 | 0 | 20 | 103 | 121.00 | 0 | 0 |
History - Ancient History | 0 | 2 | 0 | 0 | 20 | 76 | 88.50 | 1 | 2 |
Science - Chemistry | 0 | 2 | 1 | 0 | 15 | 93 | 100.50 | 0 | 1 |
History - American History | 0 | 2 | 1 | 0 | 15 | 91 | 107.50 | 1 | 2 |
Literature - American Literature | 0 | 1 | 0 | 0 | 10 | 149 | 149.00 | 0 | 0 |
Auditory Arts | 0 | 1 | 1 | 0 | 5 | 81 | 81.00 | 0 | 1 |
Philosophy | 0 | 0 | 1 | 0 | -5 | 0.00 | 0 | 0 |